Blood on the Clocktower characters starting with P - Statistics

General Stats
  • This quiz has been taken 11 times
  • The average score is 9 of 14
Answer Stats
Hint Answer % Correct
Minion Pit-Hag
80%
Townsfolk Pixie
80%
Demon Po
80%
Minion Poisoner
80%
Outsider Politician
80%
Demon Pukka
80%
Outsider Puzzlemaster
80%
Townsfolk Pacifist
60%
Outsider Plague Doctor
60%
Townsfolk Preacher
60%
Minion Psychopath
60%
Townsfolk Philosopher
40%
Townsfolk Poppy Grower
40%
Townsfolk Professor
40%
No matching quizzes found
Score Distribution
Percent of People with Each Score
Percentile by Number Answered
Your Score History
You have not taken this quiz